Inventi Impact : Cancer Nursing (January to December 2024) (Record no. 370283)

MARC details
000 -LEADER
fixed length control field 00344nam a22001337a 4500
003 - CONTROL NUMBER IDENTIFIER
control field OSt
005 - DATE AND TIME OF LATEST TRANSACTION
control field 20260203131607.0
008 - FIXED-LENGTH DATA ELEMENTS--GENERAL INFORMATION
fixed length control field 260203b |||||||| |||| 00| 0 eng d
100 ## - MAIN ENTRY--PERSONAL NAME
Personal name Iyer, Ravi
245 ## - TITLE STATEMENT
Title Inventi Impact : Cancer Nursing (January to December 2024)
260 ## - PUBLICATION, DISTRIBUTION, ETC. (IMPRINT)
Place of publication, distribution, etc. Bhopal
Name of publisher, distributor, etc. Inventi Journal
300 ## - PHYSICAL DESCRIPTION
Extent 186 P.
942 ## - ADDED ENTRY ELEMENTS (KOHA)
Source of classification or shelving scheme Dewey Decimal Classification
Koha item type Bound Volume
Holdings
Withdrawn status Lost status Source of classification or shelving scheme Damaged status Not for loan Home library Current library Date acquired Total Checkouts Full call number Barcode Date last seen Bill Date Koha item type
    Dewey Decimal Classification     Sitabai Nargundkar College of Nursing Nagpur Sitabai Nargundkar College of Nursing Nagpur 01/12/2025   616.99 IYE SNCN-BV-128 03/02/2026 01/01/2026 Bound Volume